[Event "FICGS class C 000117 email"]
[Site "FICGS email"]
[Date "2009.06.17"]
[Round "1"]
[White "Dadban, Ali"]
[Black "Baha, Karina"]
[Result "1-0"]
[WhiteElo "1688"]
[BlackElo "1800"]
[PlyCount "43"]
[EventDate "2009.??.??"]
[EventType "tourn (corr)"]
[EventRounds "4"]
[SourceTitle "Corr 2022"]
[Source "ChessBase"]
[SourceDate "2021.10.24"]
[SourceVersion "1"]
[SourceVersionDate "2021.10.24"]
[SourceQuality "1"]

1. e4 c5 2. Nf3 d6 3. d4 cxd4 4. Nxd4 Nf6 5. Nc3 a6 6. Be2 e5 7. Nb3 Be7 8. 0-0 0-0 9. f4 Nc6 10. Kh1 b5 11. a4 b4 12. Nd5 Nxe4 13. Bf3 f5 14. Be3 Kh8 15. a5 Bb7 16. Bb6 Qd7 17. c4 bxc3 18. bxc3 exf4 19. c4 Ne5 20. Bxe4 fxe4 21. Nxf4 Bg5 22. Nh3 1-0

[Event "FICGS class D 000114 email"]
[Site "FICGS email"]
[Date "2009.02.07"]
[Round "1"]
[White "Farr, Johannes"]
[Black "Dadban, Ali"]
[Result "0-1"]
[WhiteElo "1525"]
[BlackElo "1682"]
[PlyCount "46"]
[EventDate "2009.??.??"]
[EventType "tourn (corr)"]
[EventRounds "6"]
[SourceTitle "Corr 2022"]
[Source "ChessBase"]
[SourceDate "2021.10.24"]
[SourceVersion "1"]
[SourceVersionDate "2021.10.24"]
[SourceQuality "1"]

1. d4 d6 2. c4 e5 3. dxe5 dxe5 4. Qxd8+ Kxd8 5. Nc3 Be6 6. e4 c6 7. Nf3 f6 8. Be3 Nd7 9. Be2 Nh6 10. h3 Nf7 11. 0-0-0 Bb4 12. Bd2 Kc7 13. Kc2 Nd6 14. b3 Bxc3 15. Bxc3 Nxe4 16. Rhf1 Nxc3 17. Kxc3 Rhd8 18. Nd2 a5 19. Bf3 Nc5 20. Ne4 Nxe4+ 21. Bxe4 g6 22. f4 Rxd1 23. Rxd1 exf4 0-1

[Event "FICGS class D 000114 email"]
[Site "FICGS email"]
[Date "2009.02.07"]
[Round "1"]
[White "Konig, Paul"]
[Black "Dadban, Ali"]
[Result "1-0"]
[WhiteElo "1790"]
[BlackElo "1682"]
[PlyCount "71"]
[EventDate "2009.??.??"]
[EventType "tourn (corr)"]
[EventRounds "6"]
[SourceTitle "Corr 2022"]
[Source "ChessBase"]
[SourceDate "2021.10.24"]
[SourceVersion "1"]
[SourceVersionDate "2021.10.24"]
[SourceQuality "1"]

1. c4 Nf6 2. Nf3 d6 3. d4 g6 4. Nc3 Bg7 5. e4 0-0 6. h3 Na6 7. Be2 e5 8. dxe5 dxe5 9. Be3 c6 10. Qxd8 Rxd8 11. 0-0 h6 12. Rfd1 Re8 13. a3 Nh5 14. Rd2 Nf4 15. Bf1 Nc7 16. Rad1 Nce6 17. b4 Ng5 18. Nxg5 hxg5 19. Na4 Bf8 20. Nc5 b6 21. Nd7 Bxd7 22. Rxd7 a5 23. Bxb6 axb4 24. axb4 Bxb4 25. c5 Kf8 26. Bc4 Re7 27. Rd8+ Rxd8 28. Rxd8+ Re8 29. Rd6 Ra8 30. Rxc6 Ra1+ 31. Kh2 Rc1 32. Bd5 Rc2 33. Rc8+ Kg7 34. c6 Bd6 35. Rd8 Be7 36. c7 1-0

[Event "FICGS W-ch st1 g11 email"]
[Site "FICGS email"]
[Date "2009.02.03"]
[Round "1"]
[White "Bernal Varela, Nelson"]
[Black "Dadban, Ali"]
[Result "1-0"]
[WhiteElo "2135"]
[BlackElo "1682"]
[PlyCount "45"]
[EventDate "2009.??.??"]
[EventType "tourn (corr)"]
[EventRounds "8"]
[SourceTitle "Corr 2022"]
[Source "ChessBase"]
[SourceDate "2021.10.24"]
[SourceVersion "1"]
[SourceVersionDate "2021.10.24"]
[SourceQuality "1"]

1. e4 e5 2. Nf3 Nc6 3. Bb5 a6 4. Bxc6 dxc6 5. 0-0 Qd6 6. Na3 Be6 7. Qe2 f6 8. Rd1 c5 9. c3 Bg4 10. Nc4 Qe6 11. d3 0-0-0 12. a3 g5 13. Be3 h5 14. b4 cxb4 15. axb4 h4 16. b5 axb5 17. Ra8+ Kd7 18. Ncxe5+ fxe5 19. Nxe5+ Qxe5 20. Qxg4+ Ke8 21. Rxd8+ Kxd8 22. Bd4 Qe7 23. Ra1 1-0

[Event "FICGS class C 000095 email"]
[Site "FICGS email"]
[Date "2008.10.06"]
[Round "1"]
[White "Dadban, Ali"]
[Black "Wingo, Michael"]
[Result "0-1"]
[WhiteElo "1694"]
[BlackElo "1800"]
[PlyCount "52"]
[EventDate "2008.??.??"]
[EventType "tourn (corr)"]
[EventRounds "4"]
[SourceTitle "Corr 2022"]
[Source "ChessBase"]
[SourceDate "2021.10.24"]
[SourceVersion "1"]
[SourceVersionDate "2021.10.24"]
[SourceQuality "1"]

1. d4 e6 2. c4 Nf6 3. Nc3 Bb4 4. Qc2 d5 5. cxd5 Qxd5 6. Nf3 Qf5 7. Qxf5 exf5 8. a3 Be7 9. Bf4 c6 10. g3 h6 11. Bg2 Be6 12. 0-0 Nbd7 13. h4 0-0 14. Rfc1 Rad8 15. b4 Nb6 16. b5 c5 17. dxc5 Bxc5 18. Ne5 Bd4 19. Nd3 Ne4 20. Nxe4 fxe4 21. Bxe4 Bxa1 22. Rxa1 Bd5 23. Bxd5 Nxd5 24. Be5 Rfe8 25. a4 f6 26. Bb2 Rxe2 0-1

[Event "FICGS class C 000095 email"]
[Site "FICGS email"]
[Date "2008.10.06"]
[Round "1"]
[White "Jerez, Miriam"]
[Black "Dadban, Ali"]
[Result "0-1"]
[WhiteElo "1648"]
[BlackElo "1694"]
[PlyCount "54"]
[EventDate "2008.??.??"]
[EventType "tourn (corr)"]
[EventRounds "4"]
[SourceTitle "Corr 2022"]
[Source "ChessBase"]
[SourceDate "2021.10.24"]
[SourceVersion "1"]
[SourceVersionDate "2021.10.24"]
[SourceQuality "1"]

1. e4 d6 2. d4 Nf6 3. Nc3 c6 4. Nf3 Bg4 5. Be2 e6 6. e5 Nd5 7. Nxd5 cxd5 8. 0-0 Nc6 9. exd6 Bxd6 10. b3 0-0 11. c3 Rc8 12. a4 Ne7 13. b4 Rxc3 14. Bd2 Rc8 15. b5 Nf5 16. h3 Bxf3 17. Bxf3 Nxd4 18. Be3 Nxf3+ 19. Qxf3 Bc5 20. Bxc5 Rxc5 21. Qe3 Qd6 22. Rac1 Rfc8 23. a5 Qc7 24. g3 Rxc1 25. Rxc1 Qxc1+ 26. Kg2 Qxe3 27. fxe3 Rc5 0-1

[Event "FICGS rapid C 000060 email"]
[Site "FICGS email"]
[Date "2008.10.05"]
[Round "1"]
[White "Dadban, Ali"]
[Black "Konig, Paul"]
[Result "0-1"]
[WhiteElo "1694"]
[BlackElo "1559"]
[PlyCount "56"]
[EventDate "2008.??.??"]
[EventType "tourn (rapid)"]
[EventRounds "4"]
[SourceTitle "Corr 2022"]
[Source "ChessBase"]
[SourceDate "2021.10.24"]
[SourceVersion "1"]
[SourceVersionDate "2021.10.24"]
[SourceQuality "1"]

1. e4 c5 2. Nf3 Nc6 3. d4 cxd4 4. Nxd4 Nf6 5. Nc3 Qb6 6. Nb3 e6 7. Be3 Qc7 8. Be2 Bb4 9. 0-0 Bxc3 10. bxc3 Nxe4 11. Bd3 Nxc3 12. Qd2 Nd5 13. Bc5 Qf4 14. Qe1 b6 15. Ba3 Qa4 16. Bd6 Ba6 17. f4 Bxd3 18. cxd3 Nce7 19. f5 0-0 20. f6 gxf6 21. d4 f5 22. Rf3 f6 23. Qh4 Ng6 24. Qh6 Rf7 25. h4 f4 26. h5 Nh4 27. Rxf4 Nxf4 28. Qxf4 Nf5 0-1

[Event "FICGS rapid C 000060 email"]
[Site "FICGS email"]
[Date "2008.10.05"]
[Round "1"]
[White "Dadban, Ali"]
[Black "Sorban, Victor"]
[Result "1-0"]
[WhiteElo "1694"]
[BlackElo "1700"]
[PlyCount "23"]
[EventDate "2008.??.??"]
[EventType "tourn (rapid)"]
[EventRounds "4"]
[SourceTitle "Corr 2022"]
[Source "ChessBase"]
[SourceDate "2021.10.24"]
[SourceVersion "1"]
[SourceVersionDate "2021.10.24"]
[SourceQuality "1"]

1. e4 e5 2. Nf3 Nc6 3. Bb5 a6 4. Ba4 b5 5. Bb3 Nf6 6. 0-0 d6 7. c3 Nxe4 8. Bd5 Bb7 9. Bxe4 d5 10. Bc2 e4 11. Re1 Qf6 12. d3 1-0

[Event "FICGS rapid C 000060 email"]
[Site "FICGS email"]
[Date "2008.10.05"]
[Round "1"]
[White "Spangler, Rick"]
[Black "Dadban, Ali"]
[Result "1-0"]
[WhiteElo "1510"]
[BlackElo "1694"]
[PlyCount "53"]
[EventDate "2008.??.??"]
[EventType "tourn (rapid)"]
[EventRounds "4"]
[SourceTitle "Corr 2022"]
[Source "ChessBase"]
[SourceDate "2021.10.24"]
[SourceVersion "1"]
[SourceVersionDate "2021.10.24"]
[SourceQuality "1"]

1. d4 d6 2. e4 Nf6 3. Nc3 g6 4. f4 Bg7 5. e5 dxe5 6. dxe5 Qxd1+ 7. Kxd1 Ng4 8. Nd5 Kd8 9. Ke1 c6 10. Nc3 Nh6 11. Be3 Nf5 12. Bf2 h5 13. Rd1+ Kc7 14. Nf3 f6 15. Bc4 Rf8 16. h3 b5 17. Bb3 a5 18. a3 Ba6 19. Ne4 Nd7 20. e6 Nb6 21. Nc5 b4 22. Nd7 Nc4 23. Nxf8 Rxf8 24. Rd7+ Kb8 25. g4 Nfe3 26. Bxc4 Nxc4 27. Rxe7 1-0

[Event "FICGS rapid C 000057 email"]
[Site "FICGS email"]
[Date "2008.08.24"]
[Round "1"]
[White "Dadban, Ali"]
[Black "Bellanger, Michel"]
[Result "0-1"]
[WhiteElo "1657"]
[BlackElo "1580"]
[PlyCount "58"]
[EventDate "2008.??.??"]
[EventType "tourn (rapid)"]
[EventRounds "4"]
[SourceTitle "Corr 2022"]
[Source "ChessBase"]
[SourceDate "2021.10.24"]
[SourceVersion "1"]
[SourceVersionDate "2021.10.24"]
[SourceQuality "1"]

1. e4 c6 2. d4 d5 3. e5 Bf5 4. Nf3 e6 5. Be2 Nd7 6. 0-0 Bg6 7. Be3 Ne7 8. c4 dxc4 9. Bxc4 Nb6 10. Be2 Nf5 11. Nc3 Be7 12. h3 h6 13. Qd2 0-0 14. Rad1 Nd5 15. g4 Nfxe3 16. fxe3 Bb4 17. Qc1 Bxc3 18. bxc3 Qa5 19. Bc4 Nxc3 20. Rde1 Rac8 21. Nh4 Be4 22. Rf4 g5 23. Rf6 c5 24. Nf5 exf5 25. Rxh6 cxd4 26. exd4 f4 27. Rxe4 Nxe4 28. e6 Rxc4 29. Qxc4 Qe1+ 0-1

[Event "FICGS rapid C 000057 email"]
[Site "FICGS email"]
[Date "2008.08.24"]
[Round "1"]
[White "Kepinski, Janusz"]
[Black "Dadban, Ali"]
[Result "0-1"]
[WhiteElo "1657"]
[BlackElo "1657"]
[PlyCount "36"]
[EventDate "2008.??.??"]
[EventType "tourn (rapid)"]
[EventRounds "4"]
[SourceTitle "Corr 2022"]
[Source "ChessBase"]
[SourceDate "2021.10.24"]
[SourceVersion "1"]
[SourceVersionDate "2021.10.24"]
[SourceQuality "1"]

1. d4 d6 2. c4 e5 3. e3 Nc6 4. b3 g6 5. d5 Nce7 6. Bd3 Bg7 7. Bb2 f5 8. Ne2 Nf6 9. 0-0 0-0 10. Nbc3 c5 11. Qc2 e4 12. Bxe4 fxe4 13. Nxe4 Bf5 14. f3 Nxe4 15. fxe4 Bxb2 16. exf5 Bxa1 17. fxg6 Rxf1+ 18. Kxf1 Nxg6 0-1

[Event "FICGS class C 000091 email"]
[Site "FICGS email"]
[Date "2008.08.23"]
[Round "1"]
[White "Cridland, Graham M"]
[Black "Dadban, Ali"]
[Result "0-1"]
[WhiteElo "1601"]
[BlackElo "1657"]
[PlyCount "62"]
[EventDate "2008.??.??"]
[EventType "tourn (corr)"]
[EventRounds "4"]
[SourceTitle "Corr 2022"]
[Source "ChessBase"]
[SourceDate "2021.10.24"]
[SourceVersion "1"]
[SourceVersionDate "2021.10.24"]
[SourceQuality "1"]

1. e4 d6 2. d4 Nf6 3. Nc3 g6 4. Be3 c6 5. Qd2 b5 6. f3 Bb7 7. Nge2 Nbd7 8. a3 Nb6 9. Nc1 Qc7 10. Nb3 Nc4 11. Bxc4 bxc4 12. Nc1 Bg7 13. N1e2 0-0 14. 0-0 d5 15. e5 Nd7 16. Bg5 e6 17. Be7 Rfe8 18. Bd6 Qc8 19. Nf4 c5 20. Nce2 cxd4 21. Qxd4 f6 22. exf6 Bxf6 23. Qf2 e5 24. Nh3 Qc6 25. Bb4 a5 26. Bd2 Be7 27. f4 Bc5 28. Be3 d4 29. fxe5 dxe3 30. Qf7+ Kh8 31. Ng5 Qxg2# 0-1

[Event "FICGS class C 000091 email"]
[Site "FICGS email"]
[Date "2008.08.23"]
[Round "1"]
[White "Dadban, Ali"]
[Black "Owsikowski, Andrzej"]
[Result "1-0"]
[WhiteElo "1657"]
[BlackElo "1800"]
[PlyCount "55"]
[EventDate "2008.??.??"]
[EventType "tourn (corr)"]
[EventRounds "4"]
[SourceTitle "Corr 2022"]
[Source "ChessBase"]
[SourceDate "2021.10.24"]
[SourceVersion "1"]
[SourceVersionDate "2021.10.24"]
[SourceQuality "1"]

1. e4 c6 2. d4 d5 3. exd5 cxd5 4. c4 e6 5. Nc3 Nf6 6. Nf3 Be7 7. c5 0-0 8. Rb1 b6 9. b4 a5 10. a3 axb4 11. axb4 bxc5 12. dxc5 Na6 13. Bxa6 Bxa6 14. b5 Bxc5 15. bxa6 Qa5 16. Bd2 Qxa6 17. Qe2 Qa7 18. 0-0 Rfe8 19. h3 Bd6 20. Nb5 Qd7 21. Nxd6 Qxd6 22. Bb4 Qd8 23. Rfc1 Ne4 24. Rb3 f6 25. Rcb1 e5 26. Be1 Nc5 27. Rb5 Ne6 28. Qb2 1-0

[Event "FICGS class C 000091 email"]
[Site "FICGS email"]
[Date "2008.08.23"]
[Round "1"]
[White "Dadban, Ali"]
[Black "Ponting, Andrew"]
[Result "0-1"]
[WhiteElo "1657"]
[BlackElo "1800"]
[PlyCount "46"]
[EventDate "2008.??.??"]
[EventType "tourn (corr)"]
[EventRounds "4"]
[SourceTitle "Corr 2022"]
[Source "ChessBase"]
[SourceDate "2021.10.24"]
[SourceVersion "1"]
[SourceVersionDate "2021.10.24"]
[SourceQuality "1"]

1. d4 d5 2. Nf3 Nf6 3. c4 c6 4. e3 e6 5. Qb3 Bd6 6. Nc3 0-0 7. Bd3 dxc4 8. Bxc4 b5 9. Bd3 Bb7 10. 0-0 a6 11. e4 c5 12. Bg5 cxd4 13. e5 dxc3 14. exf6 gxf6 15. Bh6 Bf4 16. Rad1 Bxh6 17. Bxh7+ Kxh7 18. Rxd8 Rxd8 19. Qxc3 Nd7 20. Rd1 Ne5 21. Qc2+ Kg7 22. Nxe5 fxe5 23. h4 Rac8 0-1

[Event "FICGS class C 000091 email"]
[Site "FICGS email"]
[Date "2008.08.23"]
[Round "1"]
[White "Laine, Jari"]
[Black "Dadban, Ali"]
[Result "1-0"]
[WhiteElo "1724"]
[BlackElo "1657"]
[PlyCount "41"]
[EventDate "2008.??.??"]
[EventType "tourn (corr)"]
[EventRounds "4"]
[SourceTitle "Corr 2022"]
[Source "ChessBase"]
[SourceDate "2021.10.24"]
[SourceVersion "1"]
[SourceVersionDate "2021.10.24"]
[SourceQuality "1"]

1. e4 d6 2. d4 Nf6 3. Nc3 g6 4. f4 Bg7 5. Nf3 0-0 6. Be3 b6 7. e5 Nfd7 8. Ng5 dxe5 9. dxe5 e6 10. Qf3 c6 11. Rd1 Bb7 12. Be2 Qe7 13. 0-0 a6 14. Nge4 c5 15. Qh3 b5 16. Nd6 Bc6 17. Nce4 Bxe4 18. Nxe4 Nc6 19. Rd6 Ncxe5 20. fxe5 Bxe5 21. Bg5 1-0

[Event "FICGS rapid C 000056 email"]
[Site "FICGS email"]
[Date "2008.08.14"]
[Round "1"]
[White "Cridland, Graham M"]
[Black "Dadban, Ali"]
[Result "1/2-1/2"]
[WhiteElo "1601"]
[BlackElo "1657"]
[PlyCount "54"]
[EventDate "2008.??.??"]
[EventType "tourn (rapid)"]
[EventRounds "4"]
[SourceTitle "Corr 2022"]
[Source "ChessBase"]
[SourceDate "2021.10.24"]
[SourceVersion "1"]
[SourceVersionDate "2021.10.24"]
[SourceQuality "1"]

1. d4 d6 2. c4 e5 3. dxe5 dxe5 4. Qxd8+ Kxd8 5. g3 c6 6. Bg2 Be6 7. b3 Na6 8. Bd2 Bc5 9. Nf3 f6 10. 0-0 Nh6 11. Nc3 Nf7 12. Rfd1 Ke7 13. Ne4 Bb6 14. Rac1 Rhd8 15. c5 Bc7 16. Ne1 Bd5 17. Nd3 h6 18. h4 f5 19. Nc3 Bxg2 20. Kxg2 e4 21. Nf4 Nxc5 22. Ncd5+ cxd5 23. Rxc5 Bd6 24. Rxd5 Bxf4 25. Bxf4 Rxd5 26. Rxd5 Rd8 27. Rxd8 Kxd8 1/2-1/2

[Event "FICGS rapid C 000056 email"]
[Site "FICGS email"]
[Date "2008.08.14"]
[Round "1"]
[White "Dadban, Ali"]
[Black "Konig, Paul"]
[Result "0-1"]
[WhiteElo "1657"]
[BlackElo "1578"]
[PlyCount "56"]
[EventDate "2008.??.??"]
[EventType "tourn (rapid)"]
[EventRounds "4"]
[SourceTitle "Corr 2022"]
[Source "ChessBase"]
[SourceDate "2021.10.24"]
[SourceVersion "1"]
[SourceVersionDate "2021.10.24"]
[SourceQuality "1"]

1. d4 Nf6 2. c4 g6 3. Nc3 d5 4. Nf3 Bg7 5. Bg5 c6 6. e3 Ne4 7. cxd5 cxd5 8. Bb5+ Bd7 9. Qa4 Nxc3 10. bxc3 a6 11. Bxd7+ Qxd7 12. Qxd7+ Kxd7 13. Kd2 h5 14. h4 b5 15. a4 Nc6 16. Rhb1 f6 17. Bf4 e5 18. dxe5 fxe5 19. Bg5 b4 20. cxb4 e4 21. Nd4 Nxd4 22. exd4 Bxd4 23. Ra3 Bxf2 24. b5 axb5 25. Rxb5 Rhb8 26. Rab3 Rxb5 27. axb5 Ra2+ 28. Kc1 Kc7 0-1

[Event "FICGS W-ch st1 g22 email"]
[Site "FICGS email"]
[Date "2007.01.16"]
[Round "1"]
[White "Pecotic, Kuzma"]
[Black "Dadban, Ali"]
[Result "1-0"]
[WhiteElo "2163"]
[BlackElo "1731"]
[PlyCount "79"]
[EventDate "2007.??.??"]
[EventType "tourn (corr)"]
[EventRounds "8"]
[SourceTitle "Corr 2022"]
[Source "ChessBase"]
[SourceDate "2021.10.24"]
[SourceVersion "1"]
[SourceVersionDate "2021.10.24"]
[SourceQuality "1"]

1. e4 e5 2. Nf3 Nc6 3. Bb5 a6 4. Bxc6 dxc6 5. 0-0 Qd6 6. Na3 Be6 7. Qe2 f6 8. Rd1 c5 9. c3 Bg4 10. h3 Bxf3 11. Qxf3 Ne7 12. d4 exd4 13. Bf4 Qe6 14. cxd4 cxd4 15. Bxc7 Nc6 16. Nc2 Bc5 17. Qh5+ Kd7 18. Qxc5 Kxc7 19. Rac1 Qe5 20. Nxd4 Qxc5 21. Ne6+ Kb6 22. Nxc5 Rad8 23. Ne6 Rde8 24. Rd6 Re7 25. f3 Ka7 26. Nf4 Rhe8 27. Kf2 Ne5 28. g4 Ng6 29. Nd5 Rf7 30. Kg3 Ne5 31. b3 Nc6 32. h4 h5 33. gxh5 Rh8 34. Nf4 Ne5 35. Rc5 Re8 36. a4 Ree7 37. Nd5 Rd7 38. Rxd7 Rxd7 39. h6 gxh6 40. Nxf6 1-0

[Event "FICGS class C 000012 email"]
[Site "FICGS email"]
[Date "2007.01.04"]
[Round "1"]
[White "Dadban, Ali"]
[Black "Oliveira, Carlos"]
[Result "1-0"]
[WhiteElo "1731"]
[BlackElo "1981"]
[PlyCount "49"]
[EventDate "2007.??.??"]
[EventType "tourn (corr)"]
[EventRounds "1"]
[SourceTitle "Corr 2022"]
[Source "ChessBase"]
[SourceDate "2021.10.24"]
[SourceVersion "1"]
[SourceVersionDate "2021.10.24"]
[SourceQuality "1"]

1. Nf3 Nf6 2. c4 c5 3. g3 Nc6 4. Bg2 g6 5. 0-0 Bg7 6. Nc3 0-0 7. d4 cxd4 8. Nxd4 a6 9. Re1 e5 10. Nb3 d6 11. Bg5 h6 12. Bxf6 Bxf6 13. Ne4 Be7 14. Qd2 Kg7 15. Rad1 d5 16. cxd5 Bb4 17. Nc3 Nb8 18. a3 Bd6 19. Ne4 f5 20. Nxd6 Qxd6 21. Qb4 Qxb4 22. axb4 Nd7 23. Nc5 Nb6 24. d6 Rd8 25. Bxb7 1-0

[Event "FICGS class C 000012 email"]
[Site "FICGS email"]
[Date "2007.01.04"]
[Round "1"]
[White "Tsenkov, Lyubomir"]
[Black "Dadban, Ali"]
[Result "1-0"]
[WhiteElo "2169"]
[BlackElo "1731"]
[PlyCount "83"]
[EventDate "2007.??.??"]
[EventType "tourn (corr)"]
[EventRounds "1"]
[SourceTitle "Corr 2022"]
[Source "ChessBase"]
[SourceDate "2021.10.24"]
[SourceVersion "1"]
[SourceVersionDate "2021.10.24"]
[SourceQuality "1"]

1. e4 e5 2. Nf3 Nc6 3. Bb5 a6 4. Ba4 Nf6 5. 0-0 b5 6. Bb3 Bc5 7. a4 Rb8 8. c3 d6 9. d4 Bb6 10. Na3 Bg4 11. axb5 axb5 12. Nxb5 Bxf3 13. Qxf3 0-0 14. d5 Ne7 15. Bc2 Ng6 16. Na3 Nd7 17. Nc4 Qh4 18. Qf5 Qe7 19. b4 Rfe8 20. Ba4 Red8 21. Bc6 Ngf8 22. Bg5 f6 23. Bd2 g6 24. Qh3 h5 25. Nxb6 Rxb6 26. Be3 Rxc6 27. dxc6 Nb6 28. Bxb6 cxb6 29. Ra6 Ne6 30. Rxb6 Nf4 31. Qe3 Qc7 32. b5 Qc8 33. Rb7 Qg4 34. g3 h4 35. f3 Nh3+ 36. Kh1 Qh5 37. c7 Rc8 38. Rb8 hxg3 39. Rxc8+ Kg7 40. Rg8+ Kxg8 41. c8Q+ Kg7 42. Qa7+ 1-0

[Event "FICGS rapid A 000008 email"]
[Site "FICGS email"]
[Date "2006.12.28"]
[Round "1"]
[White "Iceli, Franco"]
[Black "Dadban, Ali"]
[Result "0-1"]
[WhiteElo "1900"]
[BlackElo "2169"]
[PlyCount "50"]
[EventDate "2006.??.??"]
[EventType "tourn (rapid)"]
[EventRounds "6"]
[SourceTitle "Corr 2022"]
[Source "ChessBase"]
[SourceDate "2021.10.24"]
[SourceVersion "1"]
[SourceVersionDate "2021.10.24"]
[SourceQuality "1"]

1. e4 e5 2. Nf3 Nc6 3. Bb5 a6 4. Ba4 Nf6 5. 0-0 b5 6. Bb3 Bc5 7. d3 h6 8. c3 d6 9. h3 Bb7 10. Nbd2 Bb6 11. Re1 0-0 12. Nf1 Nh5 13. Kh1 Nf4 14. Ng1 Bxf2 15. Ne2 Bxe1 16. Nxf4 exf4 17. Qxe1 Ne5 18. Bc2 g5 19. h4 Kg7 20. d4 Ng4 21. Qe2 Qd7 22. e5 dxe5 23. dxe5 Rae8 24. Nh2 Rxe5 25. Qf1 Rfe8 0-1

[Event "FICGS rapid A 000007 email"]
[Site "FICGS email"]
[Date "2006.12.25"]
[Round "1"]
[White "Riha, Josef"]
[Black "Dadban, Ali"]
[Result "1-0"]
[WhiteElo "1862"]
[BlackElo "2169"]
[PlyCount "69"]
[EventDate "2006.??.??"]
[EventType "tourn (rapid)"]
[EventRounds "6"]
[SourceTitle "Corr 2022"]
[Source "ChessBase"]
[SourceDate "2021.10.24"]
[SourceVersion "1"]
[SourceVersionDate "2021.10.24"]
[SourceQuality "1"]

1. d4 Nf6 2. c4 c5 3. d5 b5 4. cxb5 a6 5. bxa6 Bxa6 6. Nc3 d6 7. Nf3 g6 8. e4 Bxf1 9. Kxf1 Bg7 10. g3 Nbd7 11. Kg2 0-0 12. Re1 Ng4 13. Qe2 Qa5 14. Nd2 Ngf6 15. Nc4 Qa6 16. f4 Rfb8 17. e5 dxe5 18. fxe5 Ne8 19. Bf4 Nb6 20. Nxb6 Rxb6 21. Qxa6 Raxa6 22. b3 f6 23. Na4 Rb5 24. Rac1 fxe5 25. Bxe5 Nf6 26. Rcd1 c4 27. Nc3 Rb4 28. Rd4 Bh6 29. Bxf6 exf6 30. d6 Rb8 31. d7 Raa8 32. Nd5 Bg7 33. Nb6 Rxa2+ 34. Kh3 Kf7 35. Nc8 1-0

[Event "FICGS class A 000010 email"]
[Site "FICGS email"]
[Date "2006.12.06"]
[Round "1"]
[White "Kotlyanskiy, Edward"]
[Black "Dadban, Ali"]
[Result "1-0"]
[WhiteElo "2000"]
[BlackElo "2169"]
[PlyCount "45"]
[EventDate "2006.??.??"]
[EventType "tourn (corr)"]
[EventRounds "6"]
[SourceTitle "Corr 2022"]
[Source "ChessBase"]
[SourceDate "2021.10.24"]
[SourceVersion "1"]
[SourceVersionDate "2021.10.24"]
[SourceQuality "1"]

1. e4 e5 2. Nf3 Nc6 3. Bb5 a6 4. Ba4 Nf6 5. 0-0 Be7 6. Re1 b5 7. Bb3 d6 8. c3 0-0 9. h3 Bb7 10. d4 Re8 11. Nbd2 Bf8 12. a4 Na5 13. Ba2 b4 14. Ng5 Re7 15. dxe5 dxe5 16. cxb4 Nc6 17. Qb3 Nd4 18. Nxf7 Nxb3 19. Nxd8 Rxd8 20. Nxb3 Kh8 21. Nc5 Bc8 22. Be3 Ree8 23. Bf7 1-0